Machine drawing; a text and problem book for technical students and draftsmen (Record no. 1904)

000 -LEADER
fixed length control field 00448nam a22001577a 4500
008 - FIXED-LENGTH DATA ELEMENTS--GENERAL INFORMATION
fixed length control field 200206b ||||| |||| 00| 0 eng d
082 00 - DEWEY DECIMAL CLASSIFICATION NUMBER
Classification number 621.81
Item number S9686
100 ## - MAIN ENTRY--PERSONAL NAME
9 (RLIN) 974
Personal name Svensen, Carl L.
245 10 - TITLE STATEMENT
Title Machine drawing; a text and problem book for technical students and draftsmen
250 ## - EDITION STATEMENT
Edition statement 3rd
260 ## - PUBLICATION, DISTRIBUTION, ETC. (IMPRINT)
Place of publication, distribution, etc Toronto
Name of publisher, distributor, etc Van-Nostrand
Date of publication, distribution, etc 1948
300 ## - PHYSICAL DESCRIPTION
Extent x,280p.
365 ## - TRADE PRICE
Unit of pricing 15.06
650 #0 - SUBJECT ADDED ENTRY--TOPICAL TERM
Topical term or geographic name as entry element Machine Drawing
942 ## - ADDED ENTRY ELEMENTS (KOHA)
Item type Books
Holdings
Withdrawn status Lost status Source of classification or shelving scheme Damaged status Not for loan Permanent location Current location Date acquired Source of acquisition Full call number Barcode Date last seen Koha item type
          IMU Kolkata IMU Kolkata 1953-03-12 A. H. Wheeler 621.81 S9686 01604 2020-02-06 Books
          IMU Kolkata IMU Kolkata 1953-03-12 A. H. Wheeler 621.81 S9686 01605 2020-02-06 Books
Designed and Maintained by IMU-KC Library, Kolkata Campus © Copyright All Rights Reserved

webs counters

Powered by Koha